000 01074nam a2200337 i 4500
001 2544
003 KOSZ 005
005 20200820144623.0
008 981118s1985 pl a f |000 0 pol
015 _aPB 1985/8549
020 _a8320406935
035 _a(OCoLC)749484563
040 _aWA N
_cWA N
_dKOSZ 005/EC
041 0 _apol
046 _k1963
080 _a621.791/.795
100 1 _aRadomski, Tadeusz
_eAutor
245 1 0 _aLutowanie /
_cTadeusz Radomski, Andrzej Ciszewski.
250 _aWyd. 5 popr. i uzup.
260 _aWarszawa :
_bWydawnictwa Naukowo-Techniczne,
_c1985.
300 _a431, [1] s., [1] k. tabl. :
_bfot., rys., wykr. ;
_c21 cm.
380 _aKsiążki.
388 _a1901-2000
388 _a1989-2000
658 _aInżynieria i technika
650 4 _aLutowanie
710 2 _aWydawnictwa Naukowo-Techniczne
_4pbl.
700 1 _aCiszewski, Andrzej
_d(1932-1999)
_eAutor
856 _uhttp://koha.tu.koszalin.pl/cgi-bin/koha/opac-detail.pl?biblionumber=2544
_yKatalog online BPK
942 _2UKD
_cKS
999 _c2544
_d2544